header

Principles for evaluating health risks in children associated with exposure to chemicals (Record no. 128137)

MARC details
000 -LEADER
fixed length control field 02034nam a2200433 a 4500
245 00 - TITLE STATEMENT
Title Principles for evaluating health risks in children associated with exposure to chemicals
260 ## - PUBLICATION, DISTRIBUTION, ETC. (IMPRINT)
Place of publication Geneva :
Name of publisher World Health Organization,
Year of publication 2006.
300 ## - PHYSICAL DESCRIPTION
Number of Pages xxii, 329 p. :
Other physical details ill.
490 1# - SERIES STATEMENT
Series statement Environmental health criteria,
500 ## - GENERAL NOTE
General note "Published under the joint sponsorship of the United Nations Environment Programme, the International Labour Organisation and the World Health Organization, and produced within the framework of the Inter-Organization Programme for the Sound Management of Chemicals."
650 #0 - SUBJECT ADDED ENTRY--TOPICAL TERM
Topical Term Organic compounds.
Topical Term Inorganic compounds.
Topical Term Environmental health.
Topical Term Risk assessment.
700 1# - ADDED ENTRY--PERSONAL NAME
Personal name Louis, Germaine Buck.
856 40 - ELECTRONIC LOCATION AND ACCESS
Uniform Resource Identifier http://site.ebrary.com/lib/rucke/Doc?id=10214527

No items available.

© 2026 Rongo University
Contact us: librarian | system librarian | Rongo university